| 000 | 01071nam a2200277 i 4500 | ||
|---|---|---|---|
| 001 | 189209 | ||
| 003 | SpMaBN | ||
| 005 | 20250809063544.0 | ||
| 008 | 190425s2017 sp a |||| | spa d | ||
| 020 | _a978-84-15462-57-6 | ||
| 080 | _a330.342.14"19" | ||
| 100 | 1 |
_aTamames, Ramón, _d1933- _9237391 |
|
| 245 | 1 | 0 |
_aCapitalismo, el gato de más de siete vidas y el nuevo modelo de desarrollo : _bel último siglo económico, desde la Revolución rusa de 1917 / _cRamón Tamames. |
| 246 | 3 | _aEl último siglo económico en una sentada | |
| 250 | _a1ª ed. | ||
| 300 |
_a154 p. : _bil. ; _c21 cm. |
||
| 490 | 1 |
_aLas claves del presente ; _v2 |
|
| 500 | _aÍndices. | ||
| 504 | _aReferencias bibliográficas. | ||
| 650 | 4 |
_aCapitalismo- _yS.XX. _910766 |
|
| 830 | 1 |
_aLas claves del presente ; _v2 _9225791 |
|
| 852 | 4 |
_aES-MaACL _jA-14498 _9196347 _bR.152091 _cDEPO1 _dOlim: N-7498 _gDedicatoria autógrafa del autor _hDonación: Ramón Tamames |
|
| 903 |
_aTamames, Ramón, _d1933- _ednr _9237391 |
||
| 942 |
_2udc _cMONOGRAFIA |
||
| 999 |
_c189209 _d189209 |
||